00504nam a2200145Ia 4500008004100000041000800041082001600049100002300065245004500088260005100133300002400184365001100208999001700219952012200236240624s9999 xx 000 0 und d aeng a658.314 HAL aHALLOWELL EDWARD M aSHINE USING BRAIN SCIENCE TO GET THE BES c2010aNew DelhibHarvard Business Review Press a197 : p. : cm. ; 22 cRSb25 c17340d17340 00104070aIMTNbIMTNcRack 27-Ad2011-07-04eAPg695.00o658.314 HALp17340r2024-06-24 00:00:00t1w2024-06-24yBK